000 00420nam a2200145 a 4500
001 000034837
005 20250206104242.0
008 111020s1985 xxua 000 0 spa d
040 _aDO-SdBNP
_bspa
_cBNPHU
082 _axxx
_bM357e
100 1 _aMárquez, Carlos,
_b1953-
_958325
245 1 3 _aEl humo de las lámparas /
_cCarlos Márquez.
260 _aEstados Unidos :
_b[s.n.],
_c1985.
300 _a48 p. :
_bil. ;
_c22 cm.
999 _c34328
_d34328